Регионална библиотека "Любен Каравелов" - Русе

Как виждам света (Запис номер 328178)

MARC детайли
000 -Лидер
Контролно поле с фиксирана дължина nam a22 a 4500
003 - Код на организацията, давaща контролен номер
Контролно поле BLK
005 - Дата и час на последна редакция
Контролно поле 20230111130600.0
008 - Елементи от данни с фиксирана дължина
fixed length control field 181219b bu ||||| |||| 00| 0 bu d
020 ## - Международен стандартен номер на книга ISBN
Международен стандартен номер на книга ISBN 978-954-28-2764-1
040 ## - Източник на каталожния запис
Идентификатор на билиотеката - собственик на записа BLK
041 ## - Код за език
Код за езика на текст/звукозапис или на отделно заглавие Български
Код за езика КДБФ Български
080 ## - УДК
Текстов определител УДК Физика
УДК код - определител по УДК 53
УДК определител (430)(092)
УДК - код + определител 53(430)(092)
080 ## - УДК
Текстов определител УДК Гении. Гениалност
УДК код - определител по УДК 159.924
УДК - код + определител 159.924
100 ## - Редна дума - Автор
Автор Айнщайн, Алберт
Авторска отговорност първи автор
R(LIN) 1299
139 ## - Редно поле
Редна дума Айнщайн, Алберт
Авторски знак Аи - А 37
245 ## - Сведения за заглавието
Заглавие Как виждам света
Редно поле (дума) Алберт Айнщайн
257 ## - Страна на издаване
Страна на създаване/издаване Германия
260 ## - Област на издателските данни
9 (RLIN) 217021
Място на издаване, разпространение и проч. София
Име на издателя, разпространителя и проч. Сиела Норма
Година на издаване 2018
300 ## - Физическа характеристика
Страници 192 с.
Размери/Мащаб 20 см
380 ## - Жанр
Жанр Естествени науки. Математика
653 #7 - Ключова дума – ненормативна
9 (RLIN) 191117
Ключова дума мироглед
653 #7 - Ключова дума – ненормативна
9 (RLIN) 187889
Ключова дума история
700 ## - Други автори (авторска отговорност)
9 (RLIN) 1021
Лично име Николов, Димитър
Автороска отговорност (Описва отношението между автора и произведението) прев. от англ.
852 ## - Местоположение
Систематично-азбучна сигнатура П 53(092)/А 37
999 ## - СИСТЕМНИ КОНТРОЛНИ НОМЕРА
Koha biblionumber 328178
Koha biblioitemnumber 328178
942 ## - АРТИКУЛИ
Вид на библиотечния материал Книги
Скрит в OPAC Не
Koha issues (borrowed), all copies 18
Периодичен библиозапис Да
999 ## - СИСТЕМНИ КОНТРОЛНИ НОМЕРА
Koha biblioitemnumber 328178
Наличности
Код за отписване Код за изгубен артикул Източник на класификационната схема Код за повреда Коз за рестрикции Код за отдаване Артикулен № Име на библиотеката - собственик Име на библиотеката, в която се намира в момента Статус (Текущо местоположение) Дата на вписване в системата Местоположение - отдел Цена в лева Систематично азбучна сигнатура Баркод Цена в евро Служебен тип на артикула Инвентарен номер
  Не е изгубен Universal Decimal Classification Не е повреден без рестрикции заемане за дома 687940 Регионална библиотека "Любен Каравелов" Русе Регионална библиотека "Любен Каравелов" Русе Заемна - подръчен фонд 2019-01-02 Заемна - подръчен фонд 15.00 П 53(092)/А 37 120000828834 7.67 Книги  
  Не е изгубен Universal Decimal Classification Не е повреден   заемане за дома 772429 Регионална библиотека "Любен Каравелов" Русе Регионална библиотека "Любен Каравелов" Русе Заемна - подръчен фонд 2020-05-28 Заемна - подръчен фонд 7.50 53/А 37 А 120000843501 3.83 Книги 120000843501
Vip Innovations Ltd, Rousse, Bulgaria 2025